Η επίδραση της ποικιλότητας στην παραγωγικότητα δασικών οικοσυστημάτων : μεταπτυχιακή διατριβή
Αποθηκεύτηκε σε:
| Κύριος συγγραφέας: | |
|---|---|
| Συγγραφή απο Οργανισμό/Αρχή: | |
| Άλλοι συγγραφείς: | |
| Μορφή: | Thesis Βιβλίο |
| Γλώσσα: | Greek |
| Δημοσίευση: |
Μυτιλήνη :
Πανεπιστήμιο Αιγαίου, Τμήμα Περιβάλλοντος, Μεταπτυχιακό Πρόγραμμα Σπουδών στην Περιβαλλοντική Πολιτική και Διαχείριση,
2005
|
| Θέματα: | |
| Ετικέτες: |
Προσθήκη ετικέτας
Δεν υπάρχουν, Καταχωρήστε ετικέτα πρώτοι!
|
MARC
| LEADER | 00000cam a2200000 i 4500 | ||
|---|---|---|---|
| 001 | 1/34149 | ||
| 008 | 060907s2005 gre d | ||
| 035 | |l 10085141 | ||
| 040 | |a GR-MY-UA |b gre |e aacr | ||
| 041 | 0 | |a gre | |
| 082 | 0 | |a 634 |2 (22) | |
| 100 | 1 | |a Τσέτουρα, Χρυσούλα Ν. | |
| 245 | 1 | 2 | |a Η επίδραση της ποικιλότητας στην παραγωγικότητα δασικών οικοσυστημάτων : |b μεταπτυχιακή διατριβή / |c Τσέτουρα Χρυσούλα Ν. ; υπεύθυνος καθηγητής Δημητρακόπουλος Παναγιώτης |
| 260 | |a Μυτιλήνη : |b Πανεπιστήμιο Αιγαίου, Τμήμα Περιβάλλοντος, Μεταπτυχιακό Πρόγραμμα Σπουδών στην Περιβαλλοντική Πολιτική και Διαχείριση, |c 2005 | ||
| 300 | |a 44 σ.; |b πιν., διαγρ.; |c 30 εκ. | ||
| 502 | # | # | |a Διατριβή (μεταπτυχιακή) – Πανεπιστήμιο Αιγαίου, Λέσβος, 2005. |
| 504 | |a Βιβλιογραφία: 43-44 | ||
| 650 | 0 | 0 | |a Forest ecology. |
| 650 | 0 | 0 | |a Forest productivity. |
| 650 | 0 | 0 | |a Biological diversity |x Research. |
| 650 | 0 | 0 | |a Dissertations, Academic |z Greece. |
| 700 | 1 | |4 ths |a Δημητρακόπουλος, Παναγιώτης Γ. | |
| 710 | 2 | |a Πανεπιστήμιο Αιγαίου |b Σχολή Περιβάλλοντος |b Τμήμα Περιβάλλοντος |b Πρόγραμμα Μεταπτυχιακών Σπουδών Περιβαλλοντική Πολιτική και Διαχείριση. | |
| 852 | |a INST |b LESVOS |c DIATR |e 20060907 |h 271 |p 005100035235 |q 005100035235 |t MTXE |y 23 | ||
| 852 | |a INST |b LESVOS |c DIATR |e 20060907 |h 272 |p 005100035234 |q 005100035234 |t MTXE |y 23 | ||
| 901 | |a BIBL1-2006-2 | ||
| 909 | |a Λ |b 126391 | ||
| 909 | |a Λ |b 126392 | ||
| 924 | |a ΤΣΕΚΟΥΡΑ |b ΧΡΥΣΟΥΛΑ Ν. |y ΛΕΣΒΟΣ |z 2006-08 | ||
| 970 | |a ΜΑΡΙΝΑΤΟΥ |b ΜΥΡΣΙΝΗ |z 2006/09/07 | ||